000 00831nas a2200265 4500
001 BR2014007452
003 BR-BrBNA
005 20231205124742.0
007 ta
008 230509b bl.|||p| |||| 00| 00por d
040 _aBR-BrBNA
_bpor
_cBiblioteca Nacional de Agricultura
041 _a(Pt)
072 _aQ03
100 1 _aTejada, T.S.
100 1 _aDias, P.A.
100 1 _aConceição, R. de C. dos S. da
100 1 _aTimm, C.D.
245 1 _aMicro-organismos patogênicos e deteriorantes em chocolate artesanal ao leite
650 _aCHOCOLATE
650 _aMICROBIOLOGIA DE ALIMENTO
650 _aSAÚDE PÚBLICA
773 0 _tRevista do Instituto Adolfo Lutz (Brazil)
_xISSN 0073-9855
_g(Jan-Mar 2012), v. 71(1) p. 178-181
_wBR2014007452
909 _a202311
_bLúcia
_c55
_dLúcia Elande
942 _2AGRIS
_n0
_cANA
999 _c240710
_d240710